000 00368nam a22001577a 4500
020 _a81-88222-13-5
082 _a530
_bPAN/O
100 _aPANDEY D.C
245 _aOPTICS & MODERN PHYSICS
_bPHYSICS
246 _aOPTICS & MODERN PHYSICS
_bPHYSICS
260 _aMEERUT
_bARIHANT PUBLICATIONS5
300 _a263
520 _aphysics
650 _aphysics
942 _cBK
999 _c1437
_d1437